| 000 | 01741cam a22004697a 4500 | ||
|---|---|---|---|
| 001 | 000093886 | ||
| 003 | CHAP | ||
| 005 | 20220329143000.0 | ||
| 008 | 050527d2005 mx r 00110 spa d | ||
| 010 | _a90352 | ||
| 011 | _a91324 | ||
| 035 | _a101882 | ||
| 040 | _cCHAP | ||
| 090 | _aTesis | ||
| 100 | 0 | 0 |
_aNava Hernández, Rosendo. _980453 |
| 245 | 1 | 0 |
_aEvaluación técnica y económica de las obras de conservación del suelo agua en el municipio de Ixtacuixtla, Tlaxcala / _c/por Rosendo Nava Hernández. |
| 260 |
_aChapingo, Méx. : _bEl autor, _c2005. |
||
| 300 |
_a91 h. : _bilus.; cuadros, mapas. |
||
| 502 | _aTesis (Ing. Agr. Esp. en Suelos) -- UACH. Departamento de Suelos | ||
| 590 |
_aALEPH _b10 _c20130110 _lUCH01 _h1506 |
||
| 590 |
_aBATCH-UPD _b10 _c20130110 _lUCH01 _h0016 |
||
| 590 |
_aBATCH-UPD _b10 _c20130110 _lUCH01 _h0520 |
||
| 590 |
_aBATCH-UPD _b10 _c20130110 _lUCH01 _h2219 |
||
| 590 |
_aBATCH-UPD _b10 _c20130409 _lUCH01 _h1954 |
||
| 590 |
_aBATCH-UPD _b10 _c20130410 _lUCH01 _h1518 |
||
| 590 |
_aBATCH-UPD _b10 _c20130913 _lUCH01 _h2239 |
||
| 590 |
_aBATCH-UPD _b10 _c20140324 _lUCH01 _h1450 |
||
| 590 |
_aBATCH-UPD _b10 _c20141002 _lUCH01 _h0826 |
||
| 590 |
_aCONVERSION _b10 _c20130109 _lUCH01 _h1350 |
||
| 590 |
_aE5765TAJ _b10 _c20130620 _lUCH01 _h0909 |
||
| 650 | 1 | 4 |
_aAgua _xConservación _xTlaxcala. _92340 |
| 650 | 1 | 4 |
_aErosión. _937335 |
| 650 | 1 | 4 |
_aSuelos _xConservación _xTlaxcala. _9110317 |
| 650 | 1 | 4 |
_aTerrazas. _9112392 |
| 856 |
_3Finding aid _uhttp://10.13.5.2/tesis/101882.pdf _zTeclea aquí |
||
| 901 | _aBK | ||
| 905 | _aElisama A. H. | ||
| 942 | _cCD | ||
| 942 | _n0 | ||
| 949 |
_aTesis _bBC _cTES _d101882 _eTS1 _h43677 _i101882 _sb |
||
| 949 |
_aTesis _bBC _cTES _d33724000944740 _eTS2 _fc.2 _h43678 _i101882 _si |
||
| 999 |
_c90352 _d90352 |
||